\

Just and unjust wars : (Record no. 30501)

MARC details
000 -LEADER
fixed length control field 00926cam a2200301 i 4500
001 - CONTROL NUMBER
control field 18535134
005 - DATE AND TIME OF LATEST TRANSACTION
control field 20260223144615.0
008 - FIXED-LENGTH DATA ELEMENTS--GENERAL INFORMATION
fixed length control field 150320s2015 nyu b 001 0 eng
010 ## - LIBRARY OF CONGRESS CONTROL NUMBER
LC control number 2015010999
020 ## - INTERNATIONAL STANDARD BOOK NUMBER
International Standard Book Number 9780465052714
040 ## - CATALOGING SOURCE
Original cataloging agency DLC
Language of cataloging eng
Transcribing agency DLC
Description conventions rda
Modifying agency DLC
041 ## - LANGUAGE CODE
Language code of text/sound track or separate title eng
050 00 - LIBRARY OF CONGRESS CALL NUMBER
Classification number U21.2
Item number .W345 2015
100 1# - MAIN ENTRY--PERSONAL NAME
Personal name Walzer, Michael,
245 10 - TITLE STATEMENT
Title Just and unjust wars :
Remainder of title a moral argument with historical illustrations /
Statement of responsibility, etc. Michael Walzer.
250 ## - EDITION STATEMENT
Edition statement Fifth edition.
264 #1 - PRODUCTION, PUBLICATION, DISTRIBUTION, MANUFACTURE, AND COPYRIGHT NOTICE
Place of production, publication, distribution, manufacture New York :
Name of producer, publisher, distributor, manufacturer Basic Books, a member of the Perseus Books Group,
Date of production, publication, distribution, manufacture, or copyright notice 2015
300 ## - PHYSICAL DESCRIPTION
Extent xxxii, 381 pages ;
Dimensions 21 cm
336 ## - CONTENT TYPE
Content type term text
Source rdacontent
337 ## - MEDIA TYPE
Media type term unmediated
Source rdamedia
338 ## - CARRIER TYPE
Carrier type term volume
Source rdacarrier
504 ## - BIBLIOGRAPHY, ETC. NOTE
Bibliography, etc. note Includes bibliographical references and index.
650 #0 - SUBJECT ADDED ENTRY--TOPICAL TERM
Topical term or geographic name entry element War.
650 #0 - SUBJECT ADDED ENTRY--TOPICAL TERM
Topical term or geographic name entry element War
General subdivision Moral and ethical aspects.
650 #0 - SUBJECT ADDED ENTRY--TOPICAL TERM
Topical term or geographic name entry element Just war doctrine.
942 ## - ADDED ENTRY ELEMENTS (KOHA)
Source of classification or shelving scheme Library of Congress Classification
Suppress in OPAC No
Koha item type Books
Holdings
Withdrawn status Lost status Source of classification or shelving scheme Damaged status Not for loan Collection Home library Current library Date acquired Total checkouts Full call number Barcode Date last seen Copy number Price effective from Koha item type
    Library of Congress Classification     College of Security and Global Studies (CSGS) MAIN MAIN 02/23/2026   U21.2 .W345 2015 (C.1) 00000103 02/23/2026 1 02/23/2026 Books
    Library of Congress Classification     College of Security and Global Studies (CSGS) MAIN MAIN 02/23/2026   U21.2 .W345 2015 (C.2) 00000104 02/23/2026 2 02/23/2026 Books